| 000 | 00462cam a22001577a 4500 | ||
|---|---|---|---|
| 008 | 180718b2004 xxu||||| |||| 00| 0 eng d | ||
| 020 | _a8126120320 | ||
| 082 | _aO91 C421 | ||
| 100 | _aChennappa, D. | ||
| 245 |
_aNew economic policy and self employment schemes: a case study _cby D. Chennappa |
||
| 260 |
_aDelhi _bAnmol _c2004 |
||
| 300 | _a172p. | ||
| 650 | _aEconomic surveys | ||
| 650 | _aSelf-employeds | ||
| 650 | _aYouth --Employment --Government policy | ||
| 999 |
_c495288 _d495288 |
||